| 000 -LEADER | |
|---|---|
| fixed length control field | 00339nam a22001457a 4500 |
| 005 - DATE AND TIME OF LATEST TRANSACTION | |
| control field | 20160914171713.0 |
| 008 - FIXED-LENGTH DATA ELEMENTS--GENERAL INFORMATION | |
| fixed length control field | 160914b xxu||||| |||| 00| 0 eng d |
| 041 ## - LANGUAGE CODE | |
| Language code of text/sound track or separate title | eng |
| 100 ## - MAIN ENTRY--AUTHOR NAME | |
| Personal name | Sze,S.M &Kwok, K NG |
| 245 ## - TITLE STATEMENT | |
| Title | Physics of Semiconductor |
| 260 ## - PUBLICATION, DISTRIBUTION, ETC. (IMPRINT) | |
| Name of publisher | Wiley |
| Year of publication | 2045 |
| 300 ## - PHYSICAL DESCRIPTION | |
| Number of Pages | 788 |
| 650 ## - SUBJECT ADDED ENTRY--TOPICAL TERM | |
| Topical Term | Engineering |
| 942 ## - ADDED ENTRY ELEMENTS (KOHA) | |
| Koha item type | Books |
| Lost status | Damaged status | Collection code | Home library | Current library | Shelving location | Date acquired | Source of acquisition | Cost, normal purchase price | Accession Number | Koha item type |
|---|---|---|---|---|---|---|---|---|---|---|
| CS/IT | JRU Library | SHELF-56-E | 14/09/2016 | PURCHASE | 809.00 | 21190 | Books | |||
| CS/IT | JRU Library | JRU Library | SHELF-56-E | 14/09/2016 | PURCHASE | 809.00 | 21191 | Books | ||
| CS/IT | JRU Library | JRU Library | SHELF-56-E | 14/09/2016 | PURCHASE | 809.00 | 21192 | Books |